=LDR 00000nam 2200000 4500 =001 INLIS000000000010392 =005 20200313034322 =035 ##$$a 0010-061300000010392 =041 ##$$a Ind =082 ##$$a 177 =090 ##$$a 177, Sal e =100 ##$$a Salam, burhanidin =245 1#$$a Etika sosial : $b Asas moral dalam kehidupan manusia /$c Salam, burhanuddin =260 ##$$a Jakarta :$b Rineka cipta,$c 1997 =300 ##$$a Xi, 210 hlm ; $c 14 x20, 5 cm =650 #4$$a Etika Sosial =850 ##$$a NBPNMAT =020 ##$$a 979-518-692*2 =084 ##$$a 177 SAL e =250 ##$$a Cet. 1 =504 ##$$a Bibliografi : hlm. 208 - 210 =008 200313################g##########0#ind## =990 ##$$a 123.454/Pro-97 =990 ##$$a 30502879 =990 ##$$a 20400314 =990 ##$$a 103. 7150 =990 ##$$a 123.453/pro.97 =990 ##$$a 30502881 =990 ##$$a 1201607615 =990 ##$$a 123.453/pro.97 =990 ##$$a 123.454/Pro-97 =990 ##$$a 30502879 =990 ##$$a 20400314 =990 ##$$a 103. 7150 =990 ##$$a 30502881 =990 ##$$a 1201607615 =990 ##$$a 30502881 =990 ##$$a 123.454/Pro-97 =990 ##$$a 30502879 =990 ##$$a 20400314 =990 ##$$a 103. 7150 =990 ##$$a 123.453/pro.97 =990 ##$$a 1201607615 =990 ##$$a 1201607615 =990 ##$$a 123.454/Pro-97 =990 ##$$a 30502879 =990 ##$$a 20400314 =990 ##$$a 103. 7150 =990 ##$$a 123.453/pro.97 =990 ##$$a 30502881 =990 ##$$a 103. 7150 =990 ##$$a 123.454/Pro-97 =990 ##$$a 30502879 =990 ##$$a 20400314 =990 ##$$a 123.453/pro.97 =990 ##$$a 30502881 =990 ##$$a 1201607615 =990 ##$$a 20400314 =990 ##$$a 123.454/Pro-97 =990 ##$$a 30502879 =990 ##$$a 103. 7150 =990 ##$$a 123.453/pro.97 =990 ##$$a 30502881 =990 ##$$a 1201607615 =990 ##$$a 123.454/Pro-97 =990 ##$$a 30502879 =990 ##$$a 20400314 =990 ##$$a 103. 7150 =990 ##$$a 123.453/pro.97 =990 ##$$a 30502881 =990 ##$$a 1201607615 =990 ##$$a 30502879 =990 ##$$a 123.454/Pro-97 =990 ##$$a 20400314 =990 ##$$a 103. 7150 =990 ##$$a 123.453/pro.97 =990 ##$$a 30502881 =990 ##$$a 1201607615 =990 ##$$a 30502879 =990 ##$$a 123.454/Pro-97 =990 ##$$a 20400314 =990 ##$$a 103. 7150 =990 ##$$a 123.453/pro.97 =990 ##$$a 30502881 =990 ##$$a 1201607615 =990 ##$$a 30502881 =990 ##$$a 123.454/Pro-97 =990 ##$$a 30502879 =990 ##$$a 20400314 =990 ##$$a 103. 7150 =990 ##$$a 123.453/pro.97 =990 ##$$a 1201607615 =990 ##$$a 1201607615 =990 ##$$a 123.454/Pro-97 =990 ##$$a 30502879 =990 ##$$a 20400314 =990 ##$$a 103. 7150 =990 ##$$a 123.453/pro.97 =990 ##$$a 30502881 =990 ##$$a 1201607615 =990 ##$$a 123.454/Pro-97 =990 ##$$a 30502879 =990 ##$$a 20400314 =990 ##$$a 103. 7150 =990 ##$$a 123.453/pro.97 =990 ##$$a 30502881 =990 ##$$a 123.454/Pro-97 =990 ##$$a 30502879 =990 ##$$a 20400314 =990 ##$$a 103. 7150 =990 ##$$a 123.453/pro.97 =990 ##$$a 30502881 =990 ##$$a 1201607615 =990 ##$$a 103. 7150 =990 ##$$a 123.454/Pro-97 =990 ##$$a 30502879 =990 ##$$a 20400314 =990 ##$$a 123.453/pro.97 =990 ##$$a 30502881 =990 ##$$a 1201607615 =990 ##$$a 20400314 =990 ##$$a 123.454/Pro-97 =990 ##$$a 30502879 =990 ##$$a 103. 7150 =990 ##$$a 123.453/pro.97 =990 ##$$a 30502881 =990 ##$$a 1201607615 =990 ##$$a 123.454/Pro-97 =990 ##$$a 30502879 =990 ##$$a 20400314 =990 ##$$a 103. 7150 =990 ##$$a 123.453/pro.97 =990 ##$$a 30502881 =990 ##$$a 1201607615 =990 ##$$a 1201607615 =990 ##$$a 123.454/Pro-97 =990 ##$$a 30502879 =990 ##$$a 20400314 =990 ##$$a 103. 7150 =990 ##$$a 123.453/pro.97 =990 ##$$a 30502881 =990 ##$$a 20400314 =990 ##$$a 123.454/Pro-97 =990 ##$$a 30502879 =990 ##$$a 103. 7150 =990 ##$$a 123.453/pro.97 =990 ##$$a 30502881 =990 ##$$a 1201607615 =990 ##$$a 30502881 =990 ##$$a 123.454/Pro-97 =990 ##$$a 30502879 =990 ##$$a 20400314 =990 ##$$a 103. 7150 =990 ##$$a 123.453/pro.97 =990 ##$$a 1201607615 =990 ##$$a 103. 7150 =990 ##$$a 123.454/Pro-97 =990 ##$$a 30502879 =990 ##$$a 20400314 =990 ##$$a 123.453/pro.97 =990 ##$$a 30502881 =990 ##$$a 1201607615